Statistiques concernant Géographie par lettre - H

Cliquez ici pour prendre le quiz!

Statistiques générales

  • Ce quiz a été pris 4,792 fois
  • Le résultat moyen est 12 sur 22

Statistiques - réponses

allusion réponse % Correct
Capitale de la FinlandeHelsinki
98%
Ville japonaise frappée par une bombe atomiqueHiroshima
91%
La plus haute chaîne de montagnes au mondeHimalaya
87%
Pays sur le DanubeHongrie
87%
La langue principale de l'IndeHindi
77%
Marque de bière néerlandaise la plus vendueHeineken
73%
Ville avec le plus de gratte-cielHong Kong
71%
Nourriture permise, en islam (opposé à haram)halal
66%
Principal aéroport de LondresHeathrow
63%
Université de la Nouvelle-Angleterre fondée en 1636Harvard
60%
Localisation du contrôle de mission de la NASAHouston
59%
Mur romain près de la frontière Ecosse / AngleterreMur d'{Hadrien}
56%
Le plus grand groupe ethnique du RwandaHutu
52%
Ville française, près de Toulon (pop 55 000)Hyères
51%
La plus grande île du JaponHonshu
41%
Les Beatles ont joué dans cette ville européenne en 1960-62Hambourg
39%
Grand lac américain / canadienHuron
38%
Plat écossais dans un estomac de moutonhaggis
35%
Grand domaine agricole en Amérique latineHacienda
31%
Pèlerinage islamique à la Mecquehajj
30%
2ème plus grande île des CaraïbesHispaniola
26%
La plus grande île de ChineHainan
13%

Distribution des résultats

Percentile by Number Answered

% des personnes avec chaque résultat

Votre développement - résultats

Vous n’avez pas pris ce quiz